| 000 | 00390nam a22001457a 4500 | ||
|---|---|---|---|
| 005 | 20170105102939.0 | ||
| 040 | _a0 | ||
| 082 |
_a891.43915 _bMAL 2015 |
||
| 100 | _aMalik, Nadeem Shafiq | ||
| 245 |
_aIqbal Day _bCelebrations Abroad (1948-2000) _cDr. Nadeem Shafiq Malik |
||
| 260 |
_aLahore _bFiction House _c2015 |
||
| 300 |
_a288 p. _bHB _c24 cm |
||
| 650 | _aAllama Iqbal | ||
| 942 |
_2ddc _cBK |
||
| 999 |
_c16409 _d16409 |
||